ATEEZ all songs(April 2026 update) - Statistics

General Stats
  • This quiz has been taken 1,194 times
    92 since last reset
  • The average score is 84 of 136
Answer Stats
Hint Answer % Correct
THE WORLD EP.2 : OUTLAW BOUNCY (K-HOT
CHILLI PEPPERS)
98%
GOLDEN HOUR : Part.3 'In Your Fantasy Edition' In Your Fantasy
95%
GOLDEN HOUR : Part.4 Adrenaline
93%
GOLDEN HOUR : Part.1 WORK
93%
SPIN OFF : FROM THE WITNESS HALAZIA
91%
GOLDEN HOUR : Part.3 Lemon Drop
91%
Other releases Me Crazy
91%
GOLDEN HOUR : Part.4 NASA
91%
GOLDEN HOUR : Part.2 Ice On My Teeth
89%
TREASURE EP.1 : All To Zero Pirate King
89%
TREASURE EP.3 : One To All WAVE
89%
Birthday Birthday
86%
THE WORLD EP.FIN : WILL Crazy Form
86%
GOLDEN HOUR : Part.3 'In Your Fantasy Edition' Creep
86%
ZERO : FEVER Part.3 Deja Vu
86%
TREASURE EP.2 : Zero To One HALA HALA (Hearts Awakened, Live Alive)
86%
THE WORLD EP.1 : MOVEMENT Guerrilla
84%
THE WORLD EP.FIN : WILL IT's You
84%
THE WORLD EP.FIN : WILL MATZ
84%
GOLDEN HOUR : Part.3 'In Your Fantasy Edition' NO1
84%
GOLDEN HOUR : Part.3 'In Your Fantasy Edition' Skin
84%
Kindom: Legendary War The Real
84%
TREASURE EPILOGUE : Action To Answer Answer
82%
GOLDEN HOUR : Part.3 'In Your Fantasy Edition' ROAR
82%
GOLDEN HOUR : Part.3 'In Your Fantasy Edition' Slide to me
82%
TREASURE EP.1 : All To Zero Treasure
82%
ZERO : FEVER Part.2 Fireworks(I'm The One)
80%
ZERO : FEVER Part.1 THANXX
80%
TREASURE EP.FIN : All To Action WONDERLAND
80%
THE WORLD EP.1 : MOVEMENT Cyberpunk
77%
THE WORLD EP.2 : OUTLAW DJANGO
77%
THE WORLD EP.FIN : WILL Everything
77%
GOLDEN HOUR : Part.4 Ghost
77%
ZERO : FEVER Part.1 INCEPTION
77%
GOLDEN HOUR : Part.3 'In Your Fantasy Edition' Legacy
77%
Limitless Limitless
77%
GOLDEN HOUR : Part.3 Masterpiece
77%
GOLDEN HOUR : Part.3 'In Your Fantasy Edition' Sagittarius
77%
TREASURE EP.3 : One To All UTOPIA
77%
Ashes to Light Ash
75%
NOT OKAY NOT OKAY
75%
GOLDEN HOUR : Part.3 Now this house ain't a home
75%
THE WORLD EP.2 : OUTLAW Outlaw
75%
GOLDEN HOUR : Part.2 Selfish Waltz
75%
THE WORLD EP.2 : OUTLAW Wake Up
75%
THE WORLD EP.FIN : WILL ARRIBA
73%
THE WORLD EP.2 : OUTLAW Dune
73%
GOLDEN HOUR : Part.2 Enough
73%
TREASURE EP.2 : Zero To One Say My Name
73%
THE WORLD EP.FIN : WILL Silver Light
73%
TREASURE EP.FIN : All To Action WIN
73%
THE WORLD EP.FIN : WILL Youth
73%
GOLDEN HOUR : Part.3 Castle
70%
ZERO : FEVER Part.3 Eternal Sunshine
70%
ZERO : FEVER Part.1 FEVER
70%
THE WORLD EP.1 : MOVEMENT New World
70%
GOLDEN HOUR : Part.3 'In Your Fantasy Edition' To be your light
70%
ZERO : FEVER EPILOGUE Turbulence
70%
#2 digital singe Choose
68%
GOLDEN HOUR : Part.2 Man on Fire
68%
THE WORLD EP. PARADIGM Paradigm
68%
GOLDEN HOUR : Part.1 Blind
66%
TREASURE EP.2 : Zero To One Desire
66%
TREASURE EPILOGUE : Action To Answer Horizon
66%
GOLDEN HOUR : Part.4 On The Road
66%
GOLDEN HOUR : Part.1 Shaboom
66%
ZERO : FEVER Part.2 Take Me Home
66%
Season Songs THE BLACK CAT NERO
66%
ZERO : FEVER Part.2 The Leaders
66%
TREASURE EP.3 : One To All AURORA
64%
TREASURE EP.3 : One To All Dancing Like Butterfly Wings
64%
Dreamers Dreamers
64%
GOLDEN HOUR : Part.1 Empty Box
64%
TREASURE EP.3 : One To All ILLUSION
64%
TREASURE EP.FIN : All To Action MIst
64%
TREASURE EP.2 : Zero To One Promise
64%
GOLDEN HOUR : Part.1 Siren
64%
THE WORLD EP.1 : MOVEMENT The Ring
64%
THE WORLD EP.2 : OUTLAW This World
64%
ZERO : FEVER Part.1 Good Lil Boy
61%
TREASURE EPILOGUE : Action To Answer Precious
61%
ZERO : FEVER Part.3 ROCKY
61%
THE WORLD EP.FIN : WILL Emergency
59%
TREASURE EP.2 : Zero To One From
59%
Digital single From (2018)
59%
TREASURE EP.2 : Zero To One Light
59%
ZERO : FEVER EPILOGUE The Letter
59%
Ashes to Light Tippy Toes
59%
THE WORLD EP.1 : MOVEMENT Sector 1
57%
BEYOND : ZERO The King
57%
THE WORLD EP.FIN : WILL WE KNOW
57%
GOLDEN HOUR : Part.2 DEEP DIVE
55%
TREASURE EP.FIN : All To Action Dazzling Light
52%
Ashes to Light FACE
52%
TREASURE EPILOGUE : Action To Answer Star 1117
52%
TREASURE EP.FIN : All To Action THANK U
52%
TREASURE EP.1 : All To Zero Twilight
52%
ZERO : FEVER EPILOGUE Be With You
50%
THE WORLD EP.FIN : WILL Dreamy Day
50%
TREASURE EP.1 : All To Zero My Way
50%
Dreamers Blue Summer
48%
ZERO : FEVER Part.2 Celebrate
48%
NOT OKAY Days
48%
Limitless DIAMOND
48%
TREASURE EP.1 : All To Zero Stay
48%
Ashes to Light 12 Midnight
45%
TREASURE EP.FIN : All To Action Sunrise
45%
THE WORLD EP.1 : MOVEMENT WDIG(Where Do I Go)
45%
Other releases Don't Stop
43%
Birthday Forevermore
43%
ZERO : FEVER Part.2 Time Of Love
43%
ZERO : FEVER Part.1 TO THE BEAT
43%
TREASURE EP. Map To Answer Better
41%
ZERO : FEVER Part.3 Not Too Late
41%
Birthday Royal
41%
Into the A to Z Still Here
41%
Season Songs White Love
41%
TREASURE EP.FIN : All To Action With U
41%
ZERO : FEVER Part.3 All About You
39%
TREASURE EP.FIN : All To Action If Without You
39%
KPOPPED Mi Gente
39%
ZERO : FEVER Part.1 One Day At A Time
39%
KPOPPED Can't Get You Out of My Head
32%
Season Songs Be my lover
27%
Ashes to Light Crescendo
27%
ZERO : FEVER Part.3 Feeling Like I Do
27%
Other releases A Little Space
25%
Other releases Waiting For You
23%
Other releases Let's Get Together
18%
Kindom: Legendary War Call Me Anytime
16%
Kindom: Legendary War Rhythm Ta
14%
Kindom: Legendary War Wolf
9%
Kindom: Legendary War COLOURS
5%
Kindom: Legendary War Love poem
5%
Other releases Your Journey
5%
Other releases Taste Of Korea
2%
No matching quizzes found
Score Distribution
Percent of People with Each Score
Percentile by Number Answered
Your Score History
You have not taken this quiz since the last reset